Statistics for Countries of the Third Reich

Click here to take the quiz!

General Stats

  • This quiz has been taken 271 times
  • The average score is 12 of 15

Answer Stats

Country% Correct
France
94%
Germany
93%
Poland
93%
Austria
92%
Belgium
84%
Czech Republic
83%
Italy
78%
Slovakia
77%
Russia
75%
Luxembourg
71%
Ukraine
69%
Slovenia
67%
Belarus
62%
Lithuania
62%
Croatia
56%

Score Distribution

Percentile by Number Answered

Percent of People with Each Score

Your Score History

You have not taken this quiz